00486 a2200169 450000100060000002000180000604000240002410000150004824000420006324500370010530000060014236200090014865000310015794200070018895201040019599900170029947017 a9788578480851 cAnchieta - Aquarius aPrap, Lila10aVocê sabe tudo sobre cachorroslpor10aVocê sabe tudo sobre cachorros a 0 a2013 4aLiteratura infanto-juvenil cBK 00104070a87.1b87.1d2023-11-21l0o028.5 PRA VOCp5256/AQUr2023-11-21 15:13:45w2023-11-21yBK c47017d47017